000 00608nam a2200193Ia 4500
005 20250508154718.0
008 008 250505s9999 xx 000 0 eng d
037 _aDissertations
040 _aFEDL
_beng
_cFEDL
041 _aeng
_2eng
084 _a370.7, KAT/DI
_qFEDL
100 _aKotyal R N
_9765907
245 0 _aAnalytical study of the recommendations of the education commission (1964-66) with reference to teacher education
260 _c1967
300 _a89p.
546 _aM.Ed. Dissertation (Delhi University)
942 _cDIS
_h370.7, KAT/DI
999 _c1351725
_d1351725